Statistiken für Stromberg Sprüche

Klicken Sie hier um das Quiz zu spielen!

Allgemein

  • Dieses Quiz wurde 131 mal gespielt
    (90 seit der letzten Aktualisierung)
  • Das Durchschnittsergebnis liegt bei 10 aus 50

Antwortstatistiken

SpruchErgänzung% Korrekt
"Ich bin so toll, ich bin so nett, ich bin der Bernd von M bis ..."Z
97%
"Die fährt aber auch zum ... ins Ausland"Lachen
55%
"Ja Erika, Kann-Nicht wohnt ja nun meistens in der ...-Straße"Will-Nicht
52%
"Behinderte ... kommen zu mir, um mit mir zu schwimmen."Delfine/ Delphine
50%
"Für Schnitzel müssen ... sterben."Schweine
40%
"Schirmchen, heute bunga bunga?" - "No bunga in my ..."bungalow
34%
"Vertan, vertan, sprach der Hahn und stieg von der ..."Ente
34%
"Wir stellen hier ja nicht nach Anzahl der Arme ein, sonst säßen hier ja drei ..."Tintenfische
34%
"Die Firma ist wie ne ... : Die fickt dich, wenn du gar nicht mehr damit rechnest."Ehefrau
33%
"Tauche nie deinen Füller in ..."Firmentinte
33%
"Wenn ich alles lassen würde, was ich nicht darf, dann hätt ich ja gar keinen ..."Sex
33%
"Für die Sexbombe haben Sie nur leider keinen ..."Waffenschein
33%
""Die besten Jahre kommen nach ..."45
29%
"Sobald du nem Mitarbeiter den kleinen Finger reichst, will er sofort deinen ganzen ..."*Arm
28%
"Erst wer verheiratet ist, lernt ja was es heißt zu ..."hassen
26%
"Und ich frage euch: Wollt ihr den totalen ..."Bernd
24%
"Die Leute machen die dollsten Sachen, um ein bisschen Abwechslung in die Kiste zu kriegen: ... färben zum Beispiel."Schamhaare
22%
"Karriere ist kein Plattenbau, Karriere ist ne ..."Pyramide
19%
"Die hat ja Glocken! Da wäre ich gern mal der ..."Glöckner
17%
"Aber so bin ich: Ne Kreuzung aus Brad Pitt und ..."Sankt Martin
17%
"Der Heisterkamp ist ja wie ... : Wenn das explodiert, hat das Auswirkungen auf ganz Europa."Tschernobyl
17%
"Wenn du nichts im Fenster hast, musst du schon verdammt viel im ... haben."Laden
16%
"Ach der Ernie, den haben sie nach der Geburt hochgeworfen und nicht wieder ..."aufgefangen
14%
"Ich bin kein Einstein des theoretischen Versicherungswesens, aber ich bin ein Mozart der ..."Improvisation
14%
"Ich bin ja wie ein Vulkan. [...] Und dann ist alles voll mit meiner ..."Lava
14%
"Es ist nur so, dass wir schon etliche Bewerber haben." - "Wen denn?" - ...etliche
12%
"Ich bestehe ja aus 90 % Ellenbogen und 10 % Herz. Und ... natürlich, nochmal 30, 40 %."Hirn
12%
"Wen muss man hier ... , um bedient zu werden?"vögeln
12%
"Du musst die ... vernaschen, bevor sie eine Rosine ist."Weintraube
12%
"Erika, da würde ich die ... von der Statik her aber nochmal durchrechnen."Wolke
12%
"Büro ist wie ..., nur ohne die Musik."Jazz
9%
"Das ist alles hier wie ..., nur mit Akten."Kirmes
9%
"Was denn, was denn, weg von den Damen ist immer die falsche ..."Richtung
9%
"Ich sag ja immer: Die Scheiße ändert sich, aber die ... bleiben gleich."Fliegen
7%
"Aber aus Mettwurst machste kein ..."Marzipan
7%
"Karriere ist kein ..."Nonnenhockey/ Wattepusten
7%
"Ernie, hast du wieder diese ... genommen?"Stierhormone
7%
"Das ist ja wie ... , da reicht einmal."Weltkrieg
7%
"Bestimmte Orchideen sind von Mutter Natur so gemacht, dass sie bestimmte ... anziehen."*Bienen
5%
"Bei solchen Ungerechtfertigkeiten mir gegenüber reagier ich schonmal ..."elektrisch
5%
"Ich würde nicht sagen, dass ich der Beste bin, aber ich bin schon weit vorne unter den ..."Top 3
5%
"Chef sein heißt ... sein."Wiesel
5%
"Aber man muss den Frauen schon manchmal sagen, wo die ... hängen."Himbeeren
3%
"Gute Frauen sind wie Weißbrot: Außen ..., innen weich."knackig
3%
"Früher gab es noch ordentliche ..."*Krankheiten
3%
"In die Hand zu beißen, die einen füttert, ist ein ganz schlechter ..., Frau Pappenbecker."Pausensnack
3%
"Also Spaß und Arbeit - das geht ja nur bei den wenigsten zusammen. Bei Clowns vl, oder bei ..."Pornodarstellern
3%
" Und wenn ich dann mal den kleinen Dienstweg mit ... oder so pflastern muss, hab ich kein Problem mit, echt nicht."Zigarren
3%
"Also inhaltlich natürlich immer noch Hölle, aber jetzt praktisch ne ...-Hölle."*5 Sterne
2%
"Halte ich für total überschätzt, diese ganzen ... Hat für mich auch überhaupt nichts mit Kunst zu tun."Schlageraffen
2%

Verteilung der Resultate

Perzentil nach korrekt beantworteten Fragen

Anzahl Personen mit jedem Resultat

Ihre Resultats-Entwicklung

Sie haben dieses Quiz seit der letzten Aktualisierung nicht gespielt